Learning Resource and Development

Coaching and Mentoring for Work-Life Balance (Record no. 13069)

MARC details
000 -LEADER
fixed length control field 01029nam a22003377a 4500
005 - DATE AND TIME OF LATEST TRANSACTION
control field 20230512224100.0
008 - FIXED-LENGTH DATA ELEMENTS--GENERAL INFORMATION
fixed length control field 230210t xxu||||| |||| 00| 0 eng d
020 ## - INTERNATIONAL STANDARD BOOK NUMBER
International Standard Book Number 9780367235628
040 ## - CATALOGING SOURCE
Transcribing agency CSPC
050 0# - LIBRARY OF CONGRESS CALL NUMBER
Classification number BF637 .P36
Item number H33
082 0# - DEWEY DECIMAL CLASSIFICATION NUMBER
Classification number 158.3
Item number H117c
100 ## - MAIN ENTRY--PERSONAL NAME
Personal name Millar, Julie Haddock,
Relator term author.
245 00 - TITLE STATEMENT
Title Coaching and Mentoring for Work-Life Balance
Statement of responsibility, etc. Julie Haddock-Millar and Eliot Tom.
260 ## - PUBLICATION, DISTRIBUTION, ETC.
Place of publication, distribution, etc. Abingdon, Oxon:
Name of publisher, distributor, etc. Routledge,
Date of publication, distribution, etc. 2020
300 ## - PHYSICAL DESCRIPTION
Extent xxi, 211 pages :
Other physical details illustrations ;
Dimensions 24 cm.
336 ## - CONTENT TYPE
Source rdacontent
Content type term text
337 ## - MEDIA TYPE
Source rdamedia
Media type term unmediated
338 ## - CARRIER TYPE
Source rdacarrier
Carrier type term volume
500 ## - GENERAL NOTE
General note Includes index.
504 ## - BIBLIOGRAPHY, ETC. NOTE
Bibliography, etc. note Includes bibliographical references.
650 10 - SUBJECT ADDED ENTRY--TOPICAL TERM
Topical term or geographic name entry element Personal coaching.
650 10 - SUBJECT ADDED ENTRY--TOPICAL TERM
Topical term or geographic name entry element Mentoring.
650 10 - SUBJECT ADDED ENTRY--TOPICAL TERM
Topical term or geographic name entry element Counseling.
650 10 - SUBJECT ADDED ENTRY--TOPICAL TERM
Topical term or geographic name entry element Work-life balance.
700 1# - ADDED ENTRY--PERSONAL NAME
Personal name Eliot, Tom,
Relator term author.
940 ## - EQUIVALENCE OR CROSS-REFERENCE--UNIFORM TITLE [OBSOLETE] [CAN/MARC only]
Uniform title <a href="hanna">hanna</a>
940 ## - EQUIVALENCE OR CROSS-REFERENCE--UNIFORM TITLE [OBSOLETE] [CAN/MARC only]
Uniform title <a href="mae">mae</a>
942 ## - ADDED ENTRY ELEMENTS (KOHA)
Koha item type
-- GRD 158.3 H117c 2020
Holdings
Withdrawn status Lost status Damaged status Not for loan Home library Current library Shelving location Date acquired Total Checkouts Full call number Barcode Date last seen Copy number Price effective from Koha item type
        Main Library Main Library Graduate School Library 05/12/2023   GRD 158.3 H117c 2020 025113 05/12/2023 1-1 05/12/2023 Books